000 00718nam a2200241Ia 4500
008 160319s9999 xx 000 0 und d
020 _a971-574-059-6
050 _aFIL PE 1065
050 _b.V55 2002
100 _aVillanueva, Perla M.
245 _aEnglish skills for college freshmen /
245 _cPerla M. Villanueva, Dolores C. Acurantes, Angelita P. Makalinao.
250 _a3rd Edition
260 _aQuezon City :
260 _bKatha Pub. Co., Inc.,
260 _c2002
300 _a312 pages :
300 _billustrations ;
300 _c25 cm.
500 _aIncludes index.
650 _aEnglish language -- Ability testing.
650 _xEnglish language -- Study and teaching (Higher).
999 _c291779
_d291779